Ιστορία της Βυζαντινής φιλοσοφίας : με παράρτημα το σχολαστικισμό του Δυτικού Μεσαίωνα
Αποθηκεύτηκε σε:
| Κύριος συγγραφέας: | |
|---|---|
| Μορφή: | Βιβλίο |
| Γλώσσα: | Greek |
| Δημοσίευση: |
Θεσσαλονίκη :
Βάνιας,
1994
|
| Θέματα: | |
| Ετικέτες: |
Προσθήκη ετικέτας
Δεν υπάρχουν, Καταχωρήστε ετικέτα πρώτοι!
|
MARC
| LEADER | 00000cam a2200000 i 4500 | ||
|---|---|---|---|
| 001 | 1/69838 | ||
| 008 | 990223s1994 gr | ||| |||| ||gre|| | ||
| 035 | |l 10047943 | ||
| 040 | |a GR-MY-UA |b gre |e aacr | ||
| 041 | 0 | |a gre | |
| 082 | 0 | |a 199.495 | |
| 100 | 1 | |a Ματσούκας, Νίκος Αθ., |d 1934- | |
| 245 | 1 | 0 | |a Ιστορία της Βυζαντινής φιλοσοφίας : |b με παράρτημα το σχολαστικισμό του Δυτικού Μεσαίωνα / |c Νίκου Α.Ματσούκα |
| 260 | |a Θεσσαλονίκη : |b Βάνιας, |c 1994 | ||
| 300 | |a 355 σ. | ||
| 650 | 0 | 0 | |a Philosophy |z Byzantine Empire. |
| 852 | |a INST |b RHODES |e 19990223 |h 199.495 ΜΑΤ |p 005400015640 |q 005400015640 |t BK |y 0 | ||
| 901 | |a BIBL-1999-1 | ||
| 909 | |a Ρ |b 051753 | ||
| 922 | |a 4ΕΛΗ |b 199711 | ||
| 970 | |z 2000/06/ΟΙΚΟΝΟΜΟΠΟΥΛΟΥ (SUBJECT) | ||